000 00288nam a22001337a 4500
020 _a81-7622-099-X
041 _aENG
100 _aWright.A.T
245 _aFlowers and Gardens
260 _aDelhi
_bBiotech Books
_c2004
300 _a114
650 _aHorticultural
856 _uM.Tech ( 7 )
999 _c1064
_d1064